000 00470nam a2200181Ia 4500
001 2240
005 20260306143827.0
008 260306t2006||||xx |||||||||||||| ||spa||
041 _aESP
082 _a616.8
_bG65
100 _aGonzáles Garrido, Andrés Antonio
_eAUT
245 0 _aLa atención y sus alteraciones:
_b: del cerebro a la conducta
260 _c2006
300 _a304 páginas :
_c23 cm.
650 _aGEN
654 _aCPS
942 _cLIB
_dJUS
_fJUS
_2ddc
_n
999 _c2240
_d2240